Introducción a la investigación de mercados (Registro nro. 11788)
[ vista simple ]
| 000 -Cabecera | |
|---|---|
| Campo de control de longitud fija | 00797nam a22003017a 4500 |
| 005 - Fecha y hora de la última transacción | |
| Campo de control | 20240315130517.0 |
| 008 - Elementos de longitud fija--Información general | |
| Campo de control de longitud fija | 190322b xxu||||| |||| 00| 0 spa d |
| 020 ## - International Standard Book Number | |
| Número Internacional Estándar del Libro (ISBN) | 9786071513946 |
| 041 ## - Idioma | |
| Código de idioma | Español |
| 082 ## - Clasificación Decimal Dewey | |
| Número de clasificación | 658.83 F534i4 |
| 100 ## - Entrada principal--Autor personal | |
| Nombre personal | Fischer de la Vega, Laura |
| 9 (RLIN) | 16400 |
| 100 ## - Entrada principal--Autor personal | |
| Nombre personal | Espejo Callado, Jorge |
| 9 (RLIN) | 16401 |
| 245 ## - Título propiamente dicho | |
| Título | Introducción a la investigación de mercados |
| 250 ## - Edición | |
| Mención de edición | 4 edición |
| 260 ## - Pie de imprenta | |
| Lugar de publicación, distribución, etc. | México |
| 260 ## - Pie de imprenta | |
| Nombre del editor, distribuidor, etc. | McGraw-Hill |
| 260 ## - Pie de imprenta | |
| Fecha de publicación, distribución, etc. | 2017 |
| 300 ## - Descripción física | |
| Extensión | 158 páginas |
| 650 ## - Materia general | |
| Temática (materia general) | INVESTIGACIÓN DE MERCADOS |
| 650 ## - Materia general | |
| Temática (materia general) | METODOLOGÍA DE LA INVESTIGACIÓN |
| 650 ## - Materia general | |
| Temática (materia general) | MÉTODOS CUANTITATIVOS |
| 650 ## - Materia general | |
| Temática (materia general) | MÉTODOS CUALITATIVOS |
| 650 ## - Materia general | |
| Temática (materia general) | RECOLECCIÓN DE DATOS |
| 942 ## - Punto de acceso adicional KOHA | |
| Tipo de ítem KOHA | Libro |
| Fuente del sistema de clasificación o colocación | Dewey Decimal Classification |
| Signatura completa | Código de barras | Programa Académico | Tipo de ítem |
|---|---|---|---|
| 658.83 F534i4 | 24118 | Libro |